Dejiny výtvarných štýlov 20. storočia

Bibliographic Details
Main Author: Thomas, Karin, 1941- (Author)
Other Authors: Šabík, Vincent, 1937- (Translator)
Format: Book
Language:Slovak
German
PhysicalDescription:396 strán fotografie (čiastočne farebné), ilustrácie 22 cm
Published: Bratislava Pallas 1994
ISBN:807095020X
Subjects:

MARC

LEADER 00000cam a2200000 a 4500
001 vtls001075829
003 SK-MaSNL
005 20260301062142.0
008 240226s1994 xo oa grn 001 0 slo
015 |a SNBA1994/08 
020 |a 807095020X  |q (viazané) 
035 |a SNK000018662 
040 |a SNK  |b slo  |c SNK  |e AACR2 
041 1 |a slo  |h ger 
044 |a xo  |c SK 
072 7 |a 72/76  |x Výtvarné umenie  |2 konspekt 
080 |a 73/76(100)(091)"19"  |2 1997 
080 |a 72/76  |2 2011 
080 |a 72  |2 2011 
080 |a 7.03  |2 2011 
080 |a 72/76(091)  |2 2011 
080 |a (048.8)  |2 2011 
100 1 |a Thomas, Karin,  |d 1941-  |4 aut  |9 376182 
240 1 0 |a Bis Heute: Stilgeschichte der bildenden Kunst im 20. Jahrhundert  |l Slovensky 
245 1 0 |a Dejiny výtvarných štýlov 20. storočia  |c Karin Thomasová ; preložil Vincent Šabík 
260 |a Bratislava  |b Pallas  |c 1994  |e Martin  |f Neografia 
300 |a 396 strán  |b fotografie (čiastočne farebné), ilustrácie  |c 22 cm 
500 |a Poznámky. Zoznam umelcov. Zoznam vyobrazení 
504 |a Bibliografia na strane 357-359. Menný register 
648 7 |a 20. storočie  |2 SNKPH  |9 278343 
650 0 7 |a výtvarné umenie  |2 SNKPH  |9 723 
650 0 7 |a výtvarníci  |2 SNKPH  |9 118705 
650 0 7 |a umelecké slohy  |2 SNKPH  |9 2864 
650 0 7 |a dejiny výtvarného umenia  |2 SNKPH  |9 79104 
655 7 |a monografie  |2 SNKPH  |9 70139 
700 1 |a Šabík, Vincent,  |d 1937-  |4 trl  |9 101798 
919 |a 80-7095-020-X 
954 |a  odborná, vedecká literatúra cudzojazyčná (svetová)  |2 lita 
958 |a DE 
958 |a TL 
958 |a OP 
958 |a NS 
958 |a NB 
958 |a OND 
958 |a EUIPO 
968 |b DT 
999 |c 619613  |d 621543 
952 |a SNK  |b SNKPULT  |y VYP  |7 0  |p 17A0026981  |o snkSC 86319 D1  |i snkKSP 6935/94  |0 0  |1 0  |4 0  |d 1996-12-16  |l 1  |q 2026-06-02  |r 2026-04-23 07:59:17  |s 2026-04-23  |w 2026-02-23 
952 |t P60, <03>, [BOOK], {603}  |a SNK  |b SNK  |y PREZ  |7 0  |p 17A0196717  |o snkSC 86319  |i snkKSP 6934/94  |0 0  |1 0  |4 0  |d 1999-06-21  |f 1  |l 0  |r 2004-12-31 00:00:00  |w 2026-02-23 
952 |t snkTHO 75  |a SNKUST  |b SNKUST  |y PREZ  |7 0  |p 17A0075037  |o snkSC 86319 D2  |i snk2017/7197  |8 5  |0 0  |1 0  |4 0  |d 1997-07-03  |l 0  |r 2025-03-21 00:00:00  |w 2026-02-23